Roller skates / (Record no. 3899)

MARC details
000 -LEADER
fixed length control field 00753nam a22002537a 4500
001 - CONTROL NUMBER
control field 3899
003 - CONTROL NUMBER IDENTIFIER
control field FISKH
005 - DATE AND TIME OF LATEST TRANSACTION
control field 20240524153946.0
008 - FIXED-LENGTH DATA ELEMENTS--GENERAL INFORMATION
fixed length control field 240522b cb ||||| |||| 00| 0 eng d
040 ## - CATALOGING SOURCE
Original cataloging agency FISK
Language of cataloging eng
Transcribing agency FISK
Modifying agency FISK
050 ## - LIBRARY OF CONGRESS CALL NUMBER
Classification number PZ7.S269
082 ## - DEWEY DECIMAL CLASSIFICATION NUMBER
Classification number 823.91
100 ## - MAIN ENTRY--PERSONAL NAME
Personal name Sawyer Ruth
Dates associated with a name 1880-1970
245 ## - TITLE STATEMENT
Title Roller skates /
Statement of responsibility, etc. Ruth Sawyer
260 ## - PUBLICATION, DISTRIBUTION, ETC.
Place of publication, distribution, etc. Canada :
Name of publisher, distributor, etc. Puffin Books ,
Date of publication, distribution, etc. 1936
300 ## - PHYSICAL DESCRIPTION
Extent 186 pages :
Other physical details illustrations ;
Dimensions 20 cm
505 ## - FORMATTED CONTENTS NOTE
Formatted contents note M
520 ## - SUMMARY, ETC.
Summary, etc. The discoveries and adventures of ten-year-old Lucinda, who spends a wonderful year exploring the New York City of the 1890's.
521 8# - TARGET AUDIENCE NOTE
Target audience note M<br/>
Source Lexile<br/>
521 8# - TARGET AUDIENCE NOTE
Target audience note M<br/>
Source Raz-Plus
700 ## - ADDED ENTRY--PERSONAL NAME
Personal name Ruth Sawyer
942 ## - ADDED ENTRY ELEMENTS (KOHA)
Source of classification or shelving scheme Dewey Decimal Classification
Koha item type Books
Suppress in OPAC No
Holdings
Withdrawn status Lost status Source of classification or shelving scheme Damaged status Not for loan Collection Home library Current library Shelving location Date acquired Total Checkouts Full call number Barcode Date last seen Copy number Price effective from Koha item type
    Dewey Decimal Classification     Fiction Footprints International School Library Network Toul Kork Campus Footprints International School Library Network Toul Kork Campus TTP Secondary Fiction Bookshelves 05/22/2024   SAW PZ7.S269 823.91 2024-0676 05/22/2024 1 05/22/2024 Books